Fantasy Football 2022 Weekly RB1 - Statistics

General Stats
  • This quiz has been taken 9 times
  • The average score is 8 of 18
Answer Stats
Week Points RB % Correct
1 33.4 Saquon Barkley
100%
13 28.6 Christian McCaffrey
89%
9 55.1 Joe Mixon
67%
12 48.3 Josh Jacobs
67%
2 32.3 Nick Chubb
67%
18 23.2 Nick Chubb
67%
8 42.8 Alvin Kamara
56%
4 34.9 Austin Ekeler
44%
5 35.9 Austin Ekeler
44%
7 36.7 Austin Ekeler
44%
17 32.1 Austin Ekeler
44%
11 36.9 Tony Pollard
44%
10 24.3 Jonathan Taylor
33%
16 34.7 Cam Akers
22%
6 28.1 Deon Jackson
11%
14 32.4 Jerick McKinnon
11%
15 34.2 Jerick McKinnon
11%
3 30.9 Khalil Herbert
0%
No matching quizzes found
Score Distribution
Percent of People with Each Score
Percentile by Number Answered
Your Score History
You have not taken this quiz